000 01407nam a2200397 i 4500
001 1463
003 KOSZ 005
005 20201201115526.0
008 000320s1980 pl a f |000 0 pol d
015 _aPB 1980/4633
020 _a8321329969
040 _aWA N
_cWA N
_dKOSZ 005/HR
046 _k1980
080 _a697
100 1 _aKwiatkowski, Janusz
_d(1923- )
_eAutor
245 1 0 _aCentralne ogrzewanie :
_bpomoce projektanta /
_cJanusz Kwiatkowski, Lucjan Cholewa.
260 _aWarszawa :
_b"Arkady",
_c1980.
300 _a699, [1] s., [1] k. tabl. :
_bil. tab. wykr. ;
_c25 cm.
336 _2rdacontent
_aTekst
_btxt
337 _2rdamedia
_aBez urządzenia pośredniczącego
_bn
338 _2rdacarrier
_aWolumin
_bnc
380 _aKsiążki
380 _aPublikacje fachowe
388 _a1901-2000
504 _aBibliogr. przy rozdz.
650 4 _aOgrzewanie centralne
650 4 _aUrządzenia
650 4 _aProjektowanie
658 _aInżynieria i technika
658 _aArchitektura i budownictwo
700 1 _aCholewa, Lucjan
_eAutor
710 2 _aWydawnictwo Arkady
_4pbl.
856 _uhttp://koha.tu.koszalin.pl/cgi-bin/koha/opac-detail.pl?biblionumber=1463
_yKatalog online BPK
856 _uhttp://dlibra.tu.koszalin.pl/dlibra/docmetadata?id=932&from=&dirids=1&ver_id=&lp=1&QI=
_yBiblioteka Cyfrowa
942 _2UKD
_cKS
999 _c1463
_d1463